Condados de Albania - Estadísticas

Estadísticas generales
  • Esta prueba ha sido intentada 13 veces
  • La puntuación promedio es 9 de 12
Respuestas en el mapa
Las respuestas están codificadas por una escala verde-roja en el mapa de la prueba según el % correcto abajo.
 
Estadísticas de respuestas
Condados % Correcto
Tirana
100%
Durrës
90%
Berat
80%
Elbasan
80%
Escútari
80%
Gjirokastra
80%
Vlorë
80%
Korçë
70%
Lezhë
70%
Kukës
60%
Dibër
50%
Fier
50%
No se encontraron pruebas coincidentes
Distribución de puntuación
Porcentaje de gente con cada puntuación
Porcentaje por número respondido
Historial de tus puntuaciones
No has intentado esta prueba.